MDQL
is popping MORE tags! Check the
thread
!
Quizzes
Events
Quiz Creation
Community
Videos
Private Events
Remove Ads
Sign In
Join for FREE
Feedback
Dark Mode
Quiz Categories
Sports
Geography
Music
Movies
Television
Just For Fun
Miscellaneous
History
Literature
Language
Science
Gaming
Entertainment
Religion
Holiday
For Kids
Quiz Lab
Recent
Popular Today
Quiz Kudos Today
Editor Picks
Curator Picks
Quizzes by...
Day
Popularity
Type
Ratings
Length
Year
Community
Subscriptions
Recent Discussions
Orange Saloon
Badges
Playlists
Quests
Create
Leaderboards
Showdown
Live 5
Trivia Bingo
Activity
Puzzle Library
Sporcle Events
Private Events
Virtual Trivia
Globe League
Become a Host
Pub Owners
SporcleCon
Opinionation
Our Games
Videos
Blog
Mobile Apps
Partnerships
Remove Ads and Go Orange
Feedback
Just For Fun
Clickable
Get the Picture
Humor
Quick Pick
Word Ladder
Missing Word
Mixed Word
Blitz
Minefield
This or That
Alphabet
Color
Typing
Sporcle
Puzzle
Word Play
Follow That Line
Logic
Just For Fun
Clickable
Get the Picture
Humor
Quick Pick
Word Ladder
Missing Word
Mixed Word
Blitz
Minefield
This or That
Alphabet
Color
Typing
Sporcle
Puzzle
Word Play
Follow That Line
Logic
Random Quiz
Search Sporcle
×
Quiz Lab
Quiz Lab
Just For Fun
120
Type in answers that appear in a list
Type in answers that appear in a list
Classic
Best Score? Go Orange.
Speed Test 123 Stats
Can you name the 123 120 Times?!?
By
lukeisaboss
60s
120 Questions
286 Plays
286 Plays
286 Plays
Comments
Comments
Give Quiz Kudos
Give Quiz Kudos
-
- Ratings
hide this ad
More Info
Forced Order
Answers have to be entered in order
Answers have to be entered in order
Replay
Link that replays current quiz
Next Quiz
Link to next quiz in quiz playlist
You Got
0%
They Got
Avg Score
77%
Avg Friend Score
Upgrade to see
Score Distribution
Jump to the score distribution portion of the page
Score
0/120
Timer
01:00
0
Plays Today
Numbers
123
% Correct
123
123
99.7%
123
123
99.7%
123
123
99.3%
123
123
99%
123
123
99%
123
123
99%
123
123
99%
123
123
99%
123
123
99%
123
123
99%
123
123
99%
123
123
98.6%
123
123
98.3%
123
123
98.3%
123
123
97.6%
123
123
97.6%
123
123
97.2%
123
123
97.2%
123
123
97.2%
123
123
96.9%
123
123
96.9%
123
123
96.5%
123
123
96.5%
123
123
96.5%
123
123
96.5%
123
123
96.2%
123
123
96.2%
123
123
95.8%
123
123
95.1%
123
123
94.4%
123
123
93.7%
123
123
93.7%
123
123
93.7%
123
123
93.4%
123
123
92.7%
123
123
92.3%
123
123
92%
123
123
92%
123
123
92%
123
123
91.6%
Numbers
123
% Correct
123
123
91.3%
123
123
91.3%
123
123
90.2%
123
123
88.8%
123
123
88.5%
123
123
88.1%
123
123
87.8%
123
123
86.4%
123
123
86%
123
123
85%
123
123
85%
123
123
84.3%
123
123
82.9%
123
123
81.5%
123
123
81.5%
123
123
81.5%
123
123
80.8%
123
123
80.1%
123
123
79%
123
123
78.7%
123
123
77.6%
123
123
76.9%
123
123
76.2%
123
123
75.2%
123
123
74.8%
123
123
73.8%
123
123
73.1%
123
123
72.4%
123
123
72.4%
123
123
71.7%
123
123
71%
123
123
70.3%
123
123
69.6%
123
123
69.6%
123
123
69.6%
123
123
69.2%
123
123
68.9%
123
123
68.5%
123
123
67.5%
123
123
67.5%
Numbers
123
% Correct
123
123
65.7%
123
123
65.4%
123
123
65.4%
123
123
65.4%
123
123
65.4%
123
123
64.7%
123
123
63.6%
123
123
63.3%
123
123
62.6%
123
123
62.2%
123
123
60.8%
123
123
60.1%
123
123
59.8%
123
123
59.4%
123
123
59.1%
123
123
59.1%
123
123
58.7%
123
123
58.4%
123
123
58%
123
123
57.7%
123
123
57.3%
123
123
57%
123
123
56.6%
123
123
55.6%
123
123
55.2%
123
123
54.2%
123
123
53.8%
123
123
52.8%
123
123
52.1%
123
123
52.1%
123
123
51.7%
123
123
51.7%
123
123
51%
123
123
50.7%
123
123
49.7%
123
123
49.7%
123
123
49.7%
123
123
49.3%
123
123
49.3%
123
123
49%
Quiz Playlist
Details
Report
Send in Message
Add To Playlist
More Info:
See if you can type 123 120 times in 60 seconds. That's 2 times a second!!! Do you have what it takes??
Classic:
Type in answers that appear in a list
Forced Order:
Answers have to be entered in order
Last Updated: Feb 16, 2017
Quiz Scoreboard
CHALLENGE
Sign Up to Join the Scoreboard
Show All
Scores
Hide
Comments
May contain spoilers
Recently Published
Colored Red Africa Blitz
by spor1
Geography
30s
Find the 'City' Movie
by crazypaving
Movies
60s
5x2 Blitz: Bands
by SL_Kpop136
Music
30s
More to Explore
Quiz From the Vault
Featured Blog Post
14 Easter Pick-up Lines to Find Eggs With
hide this ad
You Might Also Like...
Tags
120
Speed
test
Today's Top Quizzes in Just For Fun
Browse Just For Fun
hide this ad
Today's Top Quizzes in 120
Browse 120
Top Contributed Quizzes in Just For Fun
1
Name Just One - 10 to 1: Just For Fun
2
Ultimate Minefield Blitz VIII
3
Yarn Creations Logic Puzzle
4
Taylor Swift Logic Puzzle (Songs)
5
Kpop zombie apocalypse mystery (logic puzzle)
6
Survivor Winners Logic Puzzle
7
Quick 5-Color Logic (18)
8
Killer Double Trees 116 - Colour Mis-Match
9
Killer Double Trees 104 - Colour Mis-Match
10
Kyle's 122nd Triple Trees
Explore More
Trending Topics
Anime
Kpop
Harry Potter
Disney
NBA
Crossword
Marvel
Pokémon
Song
NFL
The Office
WWE
Soccer
Puzzle
Country
hide this ad
More By:
lukeisaboss
Quiz
Plays
Rating
Category
Featured
Created
Speed Test 123
286
2.60
Just For Fun
Mar 26, 2012
Speed test 123 Advanced
63
2.00
Just For Fun
Apr 5, 2012
Go to Creator's Profile
Score Distribution
Quiz Creator Spotlight
lukeisaboss
Follow
Send a Message
Quizzes Created
-
Created Quiz Play Count
-
More By This Creator
Popular Quizzes Today
1
5x2 Blitz: Bands
2
Find the 'City' Movie
3
Find the US States - No Outlines Minefield
4
Colored Red Africa Blitz
5
The Countries of the World
6
Find the US States
7
9x9 Crossword: Cartoon Network
8
Risky Map Clicking: Biggest States A-Z
More Just For Fun Quizzes
Missing Word: Cricket Terms
Published
Trending Quizzes
Colored Red Africa Blitz II
Colored Red Europe Blitz I
Find the 'Dark' Movie
Find the 'Day' Movie
Find the 'Good' Movie
Recently Updated
Champions League XIs: Real Madrid
pecheneg
Largest US Cities 1790-2010
pecheneg
Rides in Walt Disney World
pecheneg
Most Oscar Losses (Acting)
pecheneg
Beyoncé Albums
pecheneg
Leaping Animals
pecheneg
Reality TV Shows (A-Z)
bhenderson79
Rickey Henderson's Hall of Fame Teammates
pecheneg
Champions League XIs: Arsenal
pecheneg
Quick Pick: Celebrities in WWE's Hall of Fame
aduchscher
Trending Topics
Disney
Anime
Crossword
Marvel
Harry Potter
NBA
Kpop
WWE
Pokémon
Puzzle
NFL
Country
The Office
Song
Soccer
Your Account Isn't Verified!
In order to create a playlist on Sporcle, you need to verify the email address you used during registration. Go to your
Sporcle Settings
to finish the process.
Report this User
Report this user for behavior that violates our
Community Guidelines
.
Details:
Send Report
Go to the Sporcle.com Mobile Site →
Comments